000
00248nam a2200121Ia 4500
100
_a
#N/A
942
_c
BK
654
_a
EMBEDDED
245
_a
Embedded / Real - Time Systems. - BLACK BOOK
260
_b
#N/A
082
_b
21212
546
_a
ENGLISH
999
_c
25372
_d
25372